| 000 | 00504nam a2200217Ia 4500 | ||
|---|---|---|---|
| 003 | 0100 | ||
| 008 | 130307s9999 xx 000 0 und d | ||
| 020 | _a0801490456 | ||
| 040 | _cARRUPELIB | ||
| 050 | _aBT102.M35 1965 | ||
| 100 | _aMatson , Wallace I | ||
| 245 | 4 | _aThe Existence of God | |
| 260 | _aIthaca | ||
| 260 | _bCornell University Press | ||
| 260 | _c1965 | ||
| 300 | _axvii | ||
| 300 | _b254p. 24cm. | ||
| 650 | _bRelativity (Physics) | ||
| 650 | _cQuantum theory | ||
| 942 | 0 | 0 | _02 |
| 999 |
_c101982 _d101982 |
||